| 000 | 00471nam a2200181Ia 4500 | ||
|---|---|---|---|
| 003 | GCL | ||
| 008 | 140319s9999 xx 000 0 eng d | ||
| 040 |
_aGCL / _cGCL |
||
| 082 | 0 | 4 |
_a843 _bB T |
| 100 | 1 | _aDE BEAUVOIR, SIMONE | |
| 245 | 1 | 0 |
_aTOUS LES HOMMES SONT MORTELS / _cDE BEAUVOIR, SIMONE |
| 260 |
_a[S.N] : _bGALLIMARD ، _c1994 |
||
| 300 | _a527 P | ||
| 490 |
_aCOLLECTION FOLIO _v0 |
||
| 650 | 0 | 4 | _aLITERATURE |
| 650 | 0 | 4 | _aFRENCH LITERATURE |
| 942 |
_2ddc _cBK |
||
| 999 |
_c22518 _d22518 |
||